[Event "Elit(Lulea-Sollentuna)"]
[Site "?"]
[Date "2005.??.??"]
[Round "5"]
[White "Rygaard, Michael"]
[Black "Pettersson, Tobias"]
[Result "1-0"]
[WhiteElo "2279"]
[BlackElo "2150"]
[PlyCount "91"]
[EventDate "2005.??.??"]

1. Nf3 d6 2. d4 g6 3. c3 Nf6 4. Bg5 Bg7 5. Nbd2 O-O 6. e3 c5 7. Be2 b6 8. O-O
Bb7 9. b4 Qd7 10. bxc5 bxc5 11. Rb1 Ne4 12. Nxe4 Bxe4 13. Bd3 Bxd3 14. Qxd3
cxd4 15. cxd4 Nc6 16. Qa6 Rab8 17. d5 Ne5 18. Nd4 h6 19. Bh4 Rxb1 20. Rxb1 g5
21. Bg3 Qc7 22. Bxe5 dxe5 23. Nc6 Bf6 24. e4 e6 25. dxe6 fxe6 26. Nxa7 Qc2 27.
Qxe6+ Kh8 28. Qb3 Qxe4 29. Qb4 Qa8 30. a4 Rd8 31. Nb5 Qd5 32. h3 e4 33. Nc3 Qd3
34. Rd1 Qc2 35. Rxd8+ Bxd8 36. Qd4+ Kh7 37. Qxe4+ Qxe4 38. Nxe4 Kg6 39. g4 Kf7
40. Ng3 Ke6 41. Kf1 Ke5 42. Ke2 Kf4 43. Nf5 h5 44. Ng7 hxg4 45. Ne6+ Ke4 46.
Nxd8 1-0

[Event "Elit(Lulea-Sollentuna)"]
[Site "?"]
[Date "2005.??.??"]
[Round "5"]
[White "Dedorson, Tomas"]
[Black "Azizi, Haroon"]
[Result "1/2-1/2"]
[WhiteElo "2149"]
[BlackElo "2205"]
[PlyCount "89"]
[EventDate "2005.??.??"]

1. d4 d5 2. Nf3 Nc6 3. c3 Nf6 4. Bg5 Ne4 5. Bh4 a6 6. Nbd2 Bf5 7. e3 Nxd2 8.
Qxd2 Qd7 9. Be2 e6 10. O-O Be7 11. Bxe7 Qxe7 12. c4 O-O 13. cxd5 exd5 14. Rfc1
Rfd8 15. Rc5 Rd6 16. Qc3 Be4 17. Nd2 Bf5 18. Rc1 Bd7 19. Bf3 Qg5 20. Ne4 Qe7
21. Nxd6 cxd6 22. Rxd5 Be6 23. Rh5 g6 24. d5 gxh5 25. dxe6 Qxe6 26. Bxc6 Rc8
27. Qa5 d5 28. Qb6 Rxc6 29. Rxc6 Qxc6 30. Qxc6 bxc6 31. b4 Kf8 32. Kf1 Ke7 33.
Ke2 Kd6 34. Kd3 c5 35. bxc5+ Kxc5 36. Kc3 h4 37. f3 f5 38. g3 hxg3 39. hxg3 h5
40. f4 a5 41. a4 Kc6 42. Kd4 Kd6 43. Kd3 Kc5 44. Kc3 Kc6 45. Kd4 1/2-1/2

[Event "Elit(SodraSASS-Wasa)"]
[Site "?"]
[Date "2005.??.??"]
[Round "5"]
[White "Wedberg, Tom"]
[Black "Akesson, Ralf"]
[Result "0-1"]
[WhiteElo "2567"]
[BlackElo "2577"]
[PlyCount "74"]
[EventDate "2005.??.??"]

1. e4 c5 2. Nc3 Nc6 3. f4 g6 4. Nf3 Bg7 5. g4 e6 6. d3 d5 7. e5 f6 8. exf6 Nxf6
9. h3 d4 10. Ne2 e5 11. fxe5 Nxe5 12. Nxe5 Qd5 13. Ng3 Qxe5+ 14. Qe2 Nd5 15.
Qxe5+ Bxe5 16. Ne4 b6 17. Bg2 Bb7 18. Bh6 O-O-O 19. Rf1 Ne3 20. Bxe3 dxe3 21.
Rb1 c4 22. Ke2 cxd3+ 23. cxd3 Ba6 24. Rfd1 Bd4 25. Ng5 Rd7 26. Nf3 Bg7 27. b4
Bb5 28. Ne1 Rf8 29. Bf3 Kb8 30. g5 Be5 31. h4 Bg3 32. Ng2 Re7 33. Rf1 Bf2 34.
Bd5 Rd8 35. Nf4 Rc7 36. Rbc1 Rxc1 37. Rxc1 Bg3 0-1

[Event "Elit(SodraSASS-Wasa)"]
[Site "?"]
[Date "2005.??.??"]
[Round "5"]
[White "Ornstein, Axel"]
[Black "Lyrberg, Patrik"]
[Result "0-1"]
[WhiteElo "2425"]
[BlackElo "2577"]
[PlyCount "81"]
[EventDate "2005.??.??"]

1. c4 e6 2. g3 d5 3. Bg2 d4 4. Nf3 Nc6 5. O-O g6 6. d3 Bg7 7. Nbd2 Nge7 8. Rb1
a5 9. a3 Rb8 10. Nb3 O-O 11. Bd2 b6 12. Qc1 Re8 13. Bg5 e5 14. e4 dxe3 15. Qxe3
f6 16. Bh6 Bxh6 17. Qxh6 Qxd3 18. Qe3 Bf5 19. Rbc1 a4 20. Nbd2 Rbd8 21. Rfe1
Kg7 22. Nf1 Bg4 23. h3 Be6 24. g4 Qxe3 25. fxe3 e4 26. N3d2 f5 27. gxf5 gxf5
28. Rc2 Ne5 29. Ng3 N7g6 30. Rf1 Rf8 31. Nh5+ Kh6 32. Nf4 Nxf4 33. Rxf4 Nd3 34.
Rh4+ Kg5 35. Rxh7 Kg6 36. Rxc7 Ne1 37. Rc1 Nxg2 38. Nf1 Nh4 39. Rc6 Kf6 40.
Rxb6 Rg8+ 41. Kh1 0-1

[Event "Elit(SodraSASS-Wasa)"]
[Site "?"]
[Date "2005.??.??"]
[Round "5"]
[White "von Bahr, Oskar"]
[Black "Furhoff, Johan"]
[Result "1/2-1/2"]
[WhiteElo "2382"]
[BlackElo "2401"]
[PlyCount "85"]
[EventDate "2005.??.??"]

1. e4 e5 2. Nf3 Nc6 3. d4 exd4 4. Nxd4 Bc5 5. Be3 Qf6 6. c3 Nge7 7. g3 h5 8. h3
d5 9. Bg2 Nxd4 10. cxd4 Bb4+ 11. Nc3 c6 12. Qb3 Bxc3+ 13. bxc3 dxe4 14. Bxe4
O-O 15. Qd1 Bf5 16. Bg2 Nd5 17. Qxh5 Nxc3 18. O-O Be4 19. Bxe4 Nxe4 20. d5 c5
21. Rad1 b6 22. h4 Rfe8 23. Rfe1 Rad8 24. Bf4 Nd6 25. Kg2 Qf5 26. Rxe8+ Rxe8
27. Qxf5 Nxf5 28. Bc7 Re7 29. d6 Rd7 30. Kf3 Nd4+ 31. Ke4 Nb5 32. Kd5 Rxd6+ 33.
Bxd6 Nc3+ 34. Kc4 Nxd1 35. Bb8 a6 36. Ba7 b5+ 37. Kxc5 Nxf2 38. Kb6 Nd3 39. Ka5
f5 40. a3 Kf7 41. Kxa6 b4 42. axb4 Nxb4+ 43. Kb5 1/2-1/2

[Event "Elit(SodraSASS-Wasa)"]
[Site "?"]
[Date "2005.??.??"]
[Round "5"]
[White "Sjoberg, Mats"]
[Black "Astrom, Goran"]
[Result "1/2-1/2"]
[WhiteElo "2393"]
[BlackElo "2327"]
[PlyCount "94"]
[EventDate "2005.??.??"]

1. d4 Nf6 2. c4 e6 3. Nf3 b6 4. g3 Ba6 5. b3 Bb4+ 6. Bd2 Be7 7. Bg2 c6 8. Bc3
d5 9. Nbd2 Nbd7 10. Qc2 Rc8 11. e4 dxe4 12. Nxe4 Nxe4 13. Qxe4 O-O 14. O-O b5
15. Ne5 Nxe5 16. dxe5 bxc4 17. Rfd1 Qc7 18. Bf1 c5 19. Bxc4 Bb7 20. Qe2 Rfd8
21. f3 Rxd1+ 22. Rxd1 Rd8 23. Rxd8+ Qxd8 24. Kf2 Qd7 25. Qd3 Qxd3 26. Bxd3 Kf8
27. Ke3 h5 28. Be4 Bd5 29. Ba5 Bxe4 30. Kxe4 Ke8 31. Bd2 Kd7 32. Kd3 Kc6 33.
Kc4 a6 34. Be3 g6 35. h3 Bf8 36. Bg5 Bg7 37. f4 Bf8 38. Bf6 Kc7 39. Bg5 Kd7 40.
g4 hxg4 41. hxg4 Kc6 42. Bh4 Bh6 43. Bg3 Bf8 44. Bf2 Be7 45. Be3 Bf8 46. Bd2
Be7 47. Bc3 Bf8 1/2-1/2

[Event "Elit(SodraSASS-Wasa)"]
[Site "?"]
[Date "2005.??.??"]
[Round "5"]
[White "Hellborg, Teodor"]
[Black "Welin, Thomas"]
[Result "0-1"]
[WhiteElo "2384"]
[BlackElo "2370"]
[PlyCount "58"]
[EventDate "2005.??.??"]

1. d4 d5 2. c4 c6 3. Nc3 Nf6 4. e3 a6 5. Bd3 b5 6. b3 Bg4 7. Nge2 e6 8. f3 Bh5
9. Nf4 Bg6 10. Nxg6 hxg6 11. O-O Nbd7 12. Bb2 bxc4 13. Bc2 Bd6 14. g3 cxb3 15.
axb3 e5 16. Kg2 O-O 17. Qd3 a5 18. Rfc1 Re8 19. Qf1 exd4 20. exd4 Qb6 21. Na4
Qb7 22. Qf2 Bb4 23. Bd3 Re6 24. Nc3 Rae8 25. Rd1 c5 26. Ne2 c4 27. bxc4 dxc4
28. Bxc4 Ng4 29. d5 Rxe2 0-1

[Event "Elit(SodraSASS-Wasa)"]
[Site "?"]
[Date "2005.??.??"]
[Round "5"]
[White "Lundvik, Jonas"]
[Black "Berkell, Peder"]
[Result "1-0"]
[WhiteElo "2349"]
[BlackElo "2226"]
[PlyCount "59"]
[EventDate "2005.??.??"]

1. Nf3 g6 2. c4 Bg7 3. Nc3 d6 4. g3 Nf6 5. Bg2 O-O 6. O-O e5 7. d3 Nc6 8. Rb1
a5 9. a3 h6 10. b4 axb4 11. axb4 Be6 12. Qc2 Qd7 13. b5 Ne7 14. c5 Bh3 15. b6
Bxg2 16. Kxg2 c6 17. Ne4 Nxe4 18. dxe4 d5 19. Bb2 d4 20. Rfd1 Qe6 21. e3 f5 22.
exd4 fxe4 23. Qxe4 Nd5 24. dxe5 Ra2 25. Rd2 g5 26. Re1 Kh8 27. Nd4 Nf4+ 28.
Qxf4 gxf4 29. Nxe6 f3+ 30. Kg1 1-0

[Event "Elit(SodraSASS-Wasa)"]
[Site "?"]
[Date "2005.??.??"]
[Round "5"]
[White "Soderberg, Per"]
[Black "Holmqvist, Gunnar"]
[Result "1/2-1/2"]
[WhiteElo "2210"]
[BlackElo "2275"]
[PlyCount "52"]
[EventDate "2005.??.??"]

1. e4 e5 2. Nf3 Nc6 3. c3 Nf6 4. d4 d5 5. Bb5 exd4 6. e5 Ne4 7. cxd4 Bb4+ 8.
Bd2 Nxd2 9. Nbxd2 Bd7 10. O-O O-O 11. Qa4 Be7 12. Rfc1 a6 13. Bxc6 Bxc6 14. Qc2
Rc8 15. a4 Be8 16. Nb3 b6 17. a5 Bb5 18. Qf5 g6 19. Qf4 f6 20. axb6 cxb6 21.
Rxc8 Qxc8 22. Rc1 Qe6 23. Qe3 Bc4 24. Nbd2 Bb5 25. Qc3 Bd7 26. Nb3 Rc8 1/2-1/2

[Event "Elit(SodraSASS-Wasa)"]
[Site "?"]
[Date "2005.??.??"]
[Round "5"]
[White "Winge, Stefan"]
[Black "Nordstrom, Felix"]
[Result "1-0"]
[WhiteElo "2268"]
[BlackElo "2126"]
[PlyCount "65"]
[EventDate "2005.??.??"]

1. e4 c5 2. Nf3 e6 3. d4 cxd4 4. Nxd4 a6 5. Nc3 Qc7 6. Bd3 Nc6 7. Nxc6 dxc6 8.
O-O e5 9. f4 Nf6 10. Kh1 Be7 11. a4 O-O 12. f5 h6 13. Be3 Nh7 14. a5 Bb4 15.
Bb6 Qe7 16. Na4 Nf6 17. c3 Bd6 18. Bf2 Bd7 19. Qb3 c5 20. Nb6 Rad8 21. Bh4 Bc6
22. Bc4 Bxe4 23. Rae1 Bc6 24. Bd5 Bc7 25. Bxc6 bxc6 26. Nc4 Rb8 27. Qc2 Rb5 28.
Ne3 Qd6 29. c4 Rxa5 30. Rd1 Qe7 31. Ng4 e4 32. Bxf6 gxf6 33. Rd7 1-0

[Event "Elit(Rockaden-LASK)"]
[Site "?"]
[Date "2005.??.??"]
[Round "5"]
[White "Olsson, Linus"]
[Black "Karlsson, Lars"]
[Result "1/2-1/2"]
[WhiteElo "2439"]
[BlackElo "2601"]
[PlyCount "90"]
[EventDate "2005.??.??"]

1. d4 f5 2. g3 Nf6 3. Bg2 e6 4. c4 Bb4+ 5. Nd2 O-O 6. Ngf3 d6 7. O-O Bxd2 8.
Bxd2 Qe7 9. Bc3 Ne4 10. Rc1 Nd7 11. b4 Nxc3 12. Rxc3 Nf6 13. Qb3 a5 14. b5 e5
15. Rd1 e4 16. Ng5 h6 17. c5+ d5 18. Nh3 g5 19. f4 g4 20. Nf2 Rf7 21. b6 c6 22.
e3 h5 23. Qc2 h4 24. Nh1 Rh7 25. Ra3 hxg3 26. hxg3 Qg7 27. Qd2 a4 28. Rb1 Kf7
29. Rb4 Be6 30. Raxa4 Rah8 31. Rb1 Rh2 32. Kf2 Rxg2+ 33. Kxg2 Qh6 34. Nf2 Qh2+
35. Kf1 Qxg3 36. Qe2 Rh2 37. Ra7 Bc8 38. Rb2 Qg2+ 39. Ke1 g3 40. Nd1 Qg1+ 41.
Qf1 Rh1 42. Qxg1 Rxg1+ 43. Kd2 Rg2+ 44. Ke1 Rg1+ 45. Kd2 Rg2+ 1/2-1/2

[Event "Elit(Rockaden-LASK)"]
[Site "?"]
[Date "2005.??.??"]
[Round "5"]
[White "Hermansson, Emil"]
[Black "Niklasson, Christer"]
[Result "1-0"]
[WhiteElo "2557"]
[BlackElo "2423"]
[PlyCount "55"]
[EventDate "2005.??.??"]

1. e4 c5 2. Nf3 e6 3. d4 cxd4 4. Nxd4 a6 5. Bd3 Qb6 6. c3 d6 7. O-O Nf6 8. Be3
Qc7 9. c4 Be7 10. Nc3 O-O 11. Rc1 Nbd7 12. f3 b6 13. Qd2 Bb7 14. Rfd1 Rac8 15.
Bf1 Qb8 16. Kh1 Bd8 17. Bg1 Bc7 18. Rb1 Qa8 19. b4 Bb8 20. Nb3 Ne5 21. Na4 Nfd7
22. Rbc1 Nxc4 23. Rxc4 Rxc4 24. Bxc4 b5 25. Nbc5 dxc5 26. Qxd7 bxa4 27. Bxc5
Bc6 28. Qe7 1-0

[Event "Elit(Rockaden-LASK)"]
[Site "?"]
[Date "2005.??.??"]
[Round "5"]
[White "Lund, Esben"]
[Black "Bator, Robert"]
[Result "1/2-1/2"]
[WhiteElo "2290"]
[BlackElo "2475"]
[PlyCount "152"]
[EventDate "2005.??.??"]

1. d4 d5 2. c4 c6 3. Nf3 Nf6 4. Nc3 a6 5. a4 e6 6. Bg5 Nbd7 7. cxd5 exd5 8. e3
Qa5 9. Nd2 Ne4 10. Ndxe4 dxe4 11. Bh4 Bb4 12. Qc2 O-O 13. Be2 Nb6 14. O-O f5
15. f3 exf3 16. Qb3+ Nd5 17. Nxd5 cxd5 18. Bxf3 Be6 19. Be1 Bxe1 20. Rfxe1 Rf7
21. Rec1 Qd8 22. Rc5 Rd7 23. Rac1 Kh8 24. a5 h6 25. Qc3 Qg5 26. g3 Kh7 27. Kf2
Re8 28. Qd3 Ree7 29. R1c3 Bf7 30. Qd1 Re8 31. Qb3 Ree7 32. Qd1 h5 33. h4 Qh6
34. Rc8 g6 35. Qd3 Qg7 36. Qc2 Qf6 37. Qd3 Be6 38. R8c5 Rg7 39. Rc1 g5 40. Rh1
g4 41. Bd1 Rge7 42. Bc2 Kg7 43. Rf1 Rd8 44. Kg1 Rf8 45. Rf2 Qh6 46. Rf4 Bg8 47.
Qb3 Qe6 48. Kf2 Rf6 49. Qc3 Qd7 50. b4 Bh7 51. Qb3 Rd6 52. Bd3 Qe6 53. Bf1 Bg6
54. Rc3 Qd7 55. Qc2 Rde6 56. Qb3 Re4 57. Bg2 Rxf4+ 58. exf4 Bf7 59. Re3 Rxe3
60. Qxe3 Qc6 61. Bf1 Qc2+ 62. Be2 Qb2 63. Qe5+ Kg6 64. Qd6+ Kg7 65. Qb6 Qd2 66.
Qc5 Qb2 67. Ke3 Qa3+ 68. Kf2 Qb2 69. Kf1 Qa1+ 70. Kg2 Qb2 71. Kf2 Qd2 72. Qb6
Qb2 73. Qxb7 Qxd4+ 74. Kf1 Qa1+ 75. Kg2 Qb2 76. Qe7 Kg8 1/2-1/2

[Event "Elit(Rockaden-LASK)"]
[Site "?"]
[Date "2005.??.??"]
[Round "5"]
[White "Hedman, Erik"]
[Black "Semcesen, Daniel"]
[Result "0-1"]
[WhiteElo "2417"]
[BlackElo "2310"]
[PlyCount "66"]
[EventDate "2005.??.??"]

1. e4 c5 2. Nf3 Nc6 3. d4 cxd4 4. Nxd4 Nf6 5. Nc3 e5 6. Ndb5 d6 7. Nd5 Nxd5 8.
exd5 Nb8 9. Be3 Be7 10. Qd2 a6 11. Na3 O-O 12. Nc4 Nd7 13. a4 f5 14. f3 Nf6 15.
Nb6 Rb8 16. a5 f4 17. Bf2 Bf5 18. Ra4 Qe8 19. Bd3 Qg6 20. O-O Rbe8 21. Bh4 Bd8
22. Bxf5 Qxf5 23. Bxf6 Rxf6 24. Re4 g5 25. Qe2 Kh8 26. c4 Rg6 27. b4 g4 28. c5
Reg8 29. Nc4 gxf3 30. Qxf3 Rxg2+ 31. Kh1 Qg6 32. Ree1 Bh4 33. Qe4 Rxh2+ 0-1

[Event "Elit(Rockaden-LASK)"]
[Site "?"]
[Date "2005.??.??"]
[Round "5"]
[White "Johnson, Bjorn"]
[Black "Engqvist, Thomas"]
[Result "1/2-1/2"]
[WhiteElo "2277"]
[BlackElo "2429"]
[PlyCount "120"]
[EventDate "2005.??.??"]

1. d4 d5 2. c4 c6 3. Nf3 Nf6 4. e3 Bg4 5. cxd5 Bxf3 6. Qxf3 cxd5 7. Nc3 e6 8.
Bd3 Nc6 9. O-O Be7 10. Rd1 O-O 11. Bd2 Rc8 12. Rac1 a6 13. Na4 Nd7 14. Nc3 b5
15. a4 Nb4 16. Bf1 bxa4 17. Nxa4 a5 18. Rxc8 Qxc8 19. Rc1 Qb8 20. Bxb4 Qxb4 21.
Qd1 Rb8 22. Bd3 g6 23. Qc2 Kg7 24. g3 Nb6 25. Nxb6 Rxb6 26. Ra1 Bd8 27. Kg2 Rb8
28. Ra2 h5 29. h4 Qb7 30. Qe2 Qb3 31. Bb1 Rc8 32. Qd3 Qb4 33. Bc2 Bf6 34. Qd1
Qc4 35. Bb3 Qb5 36. Ba4 Qb6 37. Qd2 Be7 38. Ra1 Qc7 39. Qd3 Bb4 40. Rd1 Qb7 41.
Qb1 Rb8 42. Qd3 Qc7 43. Qf1 Rc8 44. Qd3 Qc4 45. Qxc4 Rxc4 46. Bb3 Rc7 47. Ba4
f6 48. Kf3 Kf7 49. Ke2 Be7 50. Rd2 g5 51. hxg5 fxg5 52. Rc2 Rxc2+ 53. Bxc2 h4
54. gxh4 gxh4 55. f4 h3 56. Kf3 Bh4 57. f5 h2 58. fxe6+ Kxe6 59. Kg2 Bf2 60. e4
dxe4 1/2-1/2

[Event "Elit(Rockaden-LASK)"]
[Site "?"]
[Date "2005.??.??"]
[Round "5"]
[White "Wessman, Rickard"]
[Black "Nilsson, Sebastian"]
[Result "1-0"]
[WhiteElo "2502"]
[BlackElo "2263"]
[PlyCount "81"]
[EventDate "2005.??.??"]

1. d4 d5 2. c4 e6 3. g3 c5 4. Bg2 dxc4 5. Nf3 Nc6 6. Qa4 cxd4 7. Nxd4 Qxd4 8.
Bxc6+ Bd7 9. Be3 Qd6 10. Bxd7+ Qxd7 11. Qxc4 Nf6 12. Nc3 Rc8 13. Qb3 Bc5 14.
Bg5 Be7 15. O-O O-O 16. Rfd1 Qc6 17. Rac1 Qa6 18. Rd4 b6 19. Qa4 Qxa4 20. Rxa4
Rc7 21. Rd1 Ra8 22. Be3 Rb7 23. Rc4 Kf8 24. Kg2 Nd7 25. Ne4 Ke8 26. Nd6+ Bxd6
27. Rxd6 Ke7 28. Rd1 Ne5 29. Rc2 Rd7 30. Rdc1 Rad8 31. h3 f6 32. b4 Rd1 33. a4
Rxc1 34. Rxc1 Kd7 35. Bf4 Rc8 36. Rxc8 Kxc8 37. Bxe5 fxe5 38. Kf3 Kd7 39. Ke4
Kd6 40. b5 h6 41. g4 1-0

[Event "Elit(Rockaden-LASK)"]
[Site "?"]
[Date "2005.??.??"]
[Round "5"]
[White "Smith, Axel"]
[Black "Vilchez, Victor"]
[Result "1-0"]
[WhiteElo "2206"]
[BlackElo "2368"]
[PlyCount "45"]
[EventDate "2005.??.??"]

1. e4 c5 2. Nf3 e6 3. d4 cxd4 4. Nxd4 Nf6 5. Nc3 d6 6. Be3 Be7 7. f3 O-O 8. Qd2
a6 9. g4 b5 10. O-O-O Qc7 11. g5 Nfd7 12. h4 Nb6 13. h5 b4 14. Nb1 Nc4 15. Bxc4
Qxc4 16. g6 d5 17. h6 fxg6 18. hxg7 Rf7 19. Rxh7 Rxg7 20. Rxg7+ Kxg7 21. Qh2
Nd7 22. Qh6+ Kf7 23. Qh7+ 1-0

[Event "Elit(Rockaden-LASK)"]
[Site "?"]
[Date "2005.??.??"]
[Round "5"]
[White "Livner, Anders"]
[Black "Hvalsoe, Rune"]
[Result "1-0"]
[WhiteElo "2405"]
[BlackElo "2030"]
[PlyCount "65"]
[EventDate "2005.??.??"]

1. d4 d5 2. c4 e5 3. Nc3 Bb4 4. e3 exd4 5. exd4 c6 6. Bd3 Be6 7. cxd5 cxd5 8.
Nge2 Nc6 9. O-O Nge7 10. Nf4 Nxd4 11. Re1 Bd6 12. Bxh7 Rxh7 13. Qxd4 Bxf4 14.
Bxf4 Qd7 15. Rac1 Kf8 16. Na4 Nc6 17. Qd2 Nd8 18. Nc5 Qe7 19. Bg5 Qd6 20. h3 b6
21. Nb3 Bxh3 22. Be7+ Qxe7 23. Rxe7 Kxe7 24. gxh3 Ne6 25. Nd4 Rah8 26. Nxe6
fxe6 27. Qg5+ Kd7 28. Kf1 Rxh3 29. Qxg7+ Kd8 30. Qf6+ Kd7 31. Qf7+ Kd8 32. Rc7
Rh1+ 33. Ke2 1-0

[Event "Elit(Skara-Manhem)"]
[Site "?"]
[Date "2005.??.??"]
[Round "5"]
[White "Landgren, Philip"]
[Black "Djurhuus, Rune"]
[Result "1/2-1/2"]
[WhiteElo "2308"]
[BlackElo "2609"]
[PlyCount "49"]
[EventDate "2005.??.??"]

1. d4 Nf6 2. c4 c5 3. d5 b5 4. cxb5 a6 5. Nc3 axb5 6. e4 b4 7. Nb5 d6 8. Bf4 g5
9. Bxg5 Nxe4 10. Bf4 Qa5 11. Bc4 Ba6 12. Qe2 Kd8 13. f3 Nf6 14. Nh3 h6 15. O-O
Nbd7 16. a3 Bxb5 17. Bxb5 Nxd5 18. Bc6 Nxf4 19. Nxf4 Ra7 20. Bxd7 Kxd7 21. axb4
Qxa1 22. Qb5+ Kd8 23. Qb8+ Kd7 24. Qb5+ Kd8 25. Qb8+ 1/2-1/2

[Event "Elit(Skara-Manhem)"]
[Site "?"]
[Date "2005.??.??"]
[Round "5"]
[White "Hillarp-Persson, Tiger"]
[Black "Olausson, Claes-Goran"]
[Result "1-0"]
[WhiteElo "2591"]
[BlackElo "2387"]
[PlyCount "54"]
[EventDate "2005.??.??"]

1. d4 d5 2. c4 e6 3. Nc3 Be7 4. Nf3 Nf6 5. Bg5 h6 6. Bh4 O-O 7. e3 b6 8. Qb3
Bb7 9. Bxf6 Bxf6 10. cxd5 exd5 11. Rd1 Re8 12. a3 c6 13. Bd3 Nd7 14. O-O Nf8
15. Rfe1 Ne6 16. Bb1 Rc8 17. Qc2 g6 18. Ne5 Nf8 19. f4 Rc7 20. Qf2 Bg7 21. e4
dxe4 22. Nxe4 Bc8 23. Nc3 Bb7 24. Ba2 Qc8 25. h4 Ree7 26. h5 gxh5 27. Ne4 Qd8
1-0

[Event "Elit(Skara-Manhem)"]
[Site "?"]
[Date "2005.??.??"]
[Round "5"]
[White "Akesson, Joel"]
[Black "Ziegler, Ari"]
[Result "1-0"]
[WhiteElo "2392"]
[BlackElo "2375"]
[PlyCount "65"]
[EventDate "2005.??.??"]

1. d4 Nf6 2. Nf3 g6 3. c4 c5 4. Nc3 Bg7 5. d5 d6 6. e4 O-O 7. h3 e6 8. Bd3 exd5
9. exd5 Re8+ 10. Be3 Bh6 11. O-O Bxe3 12. fxe3 Qe7 13. e4 a6 14. Qd2 Kg7 15.
Rf2 Nbd7 16. Raf1 Rf8 17. Qg5 Ng8 18. Qg3 Ne5 19. Nxe5 Qxe5 20. Qxe5+ dxe5 21.
Na4 Nh6 22. Nxc5 f5 23. Na4 f4 24. Nb6 Rb8 25. c5 g5 26. d6 Rd8 27. Bc4 Bd7 28.
Nxd7 Rxd7 29. Rd2 Kf6 30. Bxa6 bxa6 31. c6 Ra7 32. c7 Rg8 33. Rc1 1-0

[Event "Elit(Skara-Manhem)"]
[Site "?"]
[Date "2005.??.??"]
[Round "5"]
[White "Mohammadi, Amir"]
[Black "Andersson, Bjorn"]
[Result "1/2-1/2"]
[WhiteElo "2232"]
[BlackElo "2304"]
[PlyCount "143"]
[EventDate "2005.??.??"]

1. e4 e5 2. Nf3 Nc6 3. Bc4 Bc5 4. d3 Nf6 5. Nc3 d6 6. Na4 Bb6 7. Nxb6 axb6 8.
O-O O-O 9. Bg5 h6 10. Bh4 Qe7 11. c3 Be6 12. Bd5 Bg4 13. h3 Bxf3 14. Qxf3 g5
15. Bg3 Nxd5 16. exd5 Nb8 17. Qf5 Kg7 18. d4 f6 19. Rfe1 Qf7 20. c4 Qg6 21. Qf3
Nd7 22. Qc3 Rfe8 23. a3 Re7 24. b4 Rae8 25. dxe5 fxe5 26. Re3 Kh7 27. Rae1 Nf6
28. Qb3 Nh5 29. c5 Rf8 30. cxd6 cxd6 31. Rc1 Ref7 32. Qc2 Rf5 33. Qc7+ R8f7 34.
Qxb6 Nxg3 35. fxg3 Rf2 36. Kh2 Qf5 37. Qxd6 Rxg2+ 38. Kxg2 Qf2+ 39. Kh1 Qxe3
40. Qc5 Qxg3 41. Qc2+ Kg7 42. Qg2 Qxa3 43. Rd1 Qf3 44. Qxf3 Rxf3 45. d6 Rf8 46.
Re1 Re8 47. d7 Rd8 48. Rxe5 Rxd7 49. Rb5 Kg6 50. Kg2 Kh5 51. Rb6 Rd2+ 52. Kg3
Rd3+ 53. Kg2 Rd7 54. Kg3 Rc7 55. Kg2 Rc6 56. Rxb7 Kh4 57. Rf7 Rb6 58. Rh7 h5
59. Rc7 Rxb4 60. Rc2 Ra4 61. Rb2 Ra3 62. Rb4+ g4 63. hxg4 Ra2+ 64. Kf3 Ra3+ 65.
Kg2 hxg4 66. Rb2 Rg3+ 67. Kh2 Re3 68. Kg2 Kg5 69. Rb5+ Kf4 70. Rb4+ Re4 71.
Rxe4+ Kxe4 72. Kg3 1/2-1/2

[Event "Elit(Skara-Manhem)"]
[Site "?"]
[Date "2005.??.??"]
[Round "5"]
[White "Nithander, Victor"]
[Black "Andersson, Goran"]
[Result "1-0"]
[WhiteElo "2317"]
[BlackElo "2227"]
[PlyCount "51"]
[EventDate "2005.??.??"]

1. e4 e6 2. d4 d5 3. Nd2 c5 4. exd5 exd5 5. Ngf3 Nf6 6. Be2 Nc6 7. O-O c4 8.
Re1 Be7 9. Nf1 O-O 10. Ng3 b5 11. Ne5 Nxe5 12. dxe5 Ne8 13. Bg4 f5 14. Bf3 Nc7
15. Ne2 Bb7 16. Nd4 Bc5 17. e6 Qf6 18. Bf4 Bxd4 19. Bxc7 Bxb2 20. e7 Rfe8 21.
Bxd5+ Bxd5 22. Qxd5+ Qf7 23. Rad1 a6 24. Qxa8 Rxa8 25. Rd8+ Qe8 26. Rxa8 1-0

[Event "Elit(Skara-Manhem)"]
[Site "?"]
[Date "2005.??.??"]
[Round "5"]
[White "Eklund, Lars-Goran"]
[Black "Schneider, Lars-Ake"]
[Result "1/2-1/2"]
[WhiteElo "2317"]
[BlackElo "2359"]
[PlyCount "43"]
[EventDate "2005.??.??"]

1. Nf3 c5 2. c4 Nc6 3. d4 cxd4 4. Nxd4 e6 5. a3 Nf6 6. Nc3 Bc5 7. e3 O-O 8. Be2
d5 9. cxd5 exd5 10. b4 Bb6 11. Nxc6 bxc6 12. Bb2 Qd6 13. Na4 Bc7 14. Bd4 Re8
15. f4 Ne4 16. O-O a5 17. Nc5 Bf5 18. Bg4 Qg6 19. Bh5 Qh6 20. Bg4 Qg6 21. Bh5
Qh6 22. Bg4 1/2-1/2

[Event "Elit(Skara-Manhem)"]
[Site "?"]
[Date "2005.??.??"]
[Round "5"]
[White "Kinnmark, Ove"]
[Black "Cederqvist, Niclas"]
[Result "1/2-1/2"]
[WhiteElo "2295"]
[BlackElo "2119"]
[PlyCount "92"]
[EventDate "2005.??.??"]

1. e4 e6 2. d3 c5 3. Nf3 Nc6 4. g3 d6 5. Bg2 g6 6. O-O Bg7 7. c3 Nge7 8. Be3
O-O 9. Qd2 b6 10. Bh6 Ne5 11. Bxg7 Kxg7 12. d4 Nxf3+ 13. Bxf3 Bb7 14. Bg2 Qc7
15. Na3 Rad8 16. Nc2 f5 17. Rfe1 e5 18. Rad1 fxe4 19. Bxe4 d5 20. Bg2 e4 21.
Qe2 Nf5 22. Ne3 Qd6 23. b3 Bc6 24. Rd2 cxd4 25. cxd4 Qf6 26. Nxf5+ Qxf5 27. Rc1
Rc8 28. Rdc2 Qd7 29. Qe3 Bb7 30. h4 Rxc2 31. Rxc2 Rc8 32. Rxc8 Bxc8 33. Qf4 Qe6
34. Qc7+ Kh6 35. Bf1 Qg4 36. Qe7 Be6 37. Qf8+ Kh5 38. Qf6 Kh6 39. Qe5 Qf5 40.
Qd6 Kg7 41. Qc7+ Qf7 42. Qe5+ Qf6 43. Qc7+ Qf7 44. Qb8 h6 45. Qd6 Qf6 46. Qc7+
Qf7 1/2-1/2

[Event "Elit(Skara-Manhem)"]
[Site "?"]
[Date "2005.??.??"]
[Round "5"]
[White "Dahlstrom, Rickard"]
[Black "Sagit, Rauan"]
[Result "1-0"]
[WhiteElo "2001"]
[BlackElo "2348"]
[PlyCount "167"]
[EventDate "2005.??.??"]

1. c4 Nf6 2. Nc3 c5 3. Nf3 g6 4. g3 Bg7 5. Bg2 O-O 6. O-O d5 7. cxd5 Nxd5 8. d4
Nc6 9. Nxd5 Qxd5 10. Ne5 Qxd4 11. Nxc6 bxc6 12. Be3 Qxb2 13. Rb1 Qxa2 14. Bxc6
Bh3 15. Bxa8 Bxf1 16. Bd5 c4 17. Qxf1 e6 18. Bc6 Bf6 19. Rb7 a5 20. Bh6 Rd8 21.
Qb1 Qxe2 22. Rb8 Qh5 23. Qb6 Qxh6 24. Rxd8+ Bxd8 25. Qxd8+ Qf8 26. Qxa5 Qd6 27.
Qa8+ Kg7 28. Qa1+ Kg8 29. Qa8+ Kg7 30. Qa1+ Kg8 31. Bf3 Qd2 32. Qd1 Qb2 33. Be4
f5 34. Bc2 Qe5 35. Qd2 Qa1+ 36. Qd1 Qc3 37. Bb1 Qb2 38. Qc2 Qb4 39. Kg2 Qb7+
40. f3 Qc6 41. Qc3 Qa4 42. Bc2 Qa2 43. Kf2 Kf7 44. f4 Qa7+ 45. Ke2 Qg1 46. h4
Qg2+ 47. Ke1 Qg1+ 48. Kd2 Qf2+ 49. Kc1 Qc5 50. Bd1 h5 51. Be2 Qg1+ 52. Kd2 Qg2
53. Qe3 Qd5+ 54. Kc3 Qa5+ 55. Kxc4 Qa4+ 56. Kc3 Qa3+ 57. Kd2 Qa5+ 58. Qc3 Qd5+
59. Kc2 Qe4+ 60. Qd3 Qa4+ 61. Kb2 Qb4+ 62. Kc1 Qe1+ 63. Kc2 Qf2 64. Kd2 Qa7 65.
Bd1 Qa5+ 66. Ke2 Qa2+ 67. Bc2 Qb2 68. Ke3 Qc1+ 69. Kd4 Qg1+ 70. Kc4 Qa7 71. Bb3
Qa6+ 72. Kc3 Qc6+ 73. Qc4 Qf3+ 74. Kb4 Qb7+ 75. Qb5 Qe4+ 76. Bc4 Qe1+ 77. Kc5
Qe3+ 78. Kd6 Qa3+ 79. Qc5 Qxg3 80. Qc7+ Kg8 81. Bxe6+ Kh8 82. Qd8+ Kg7 83. Qg8+
Kf6 84. Qh8# 1-0

[Event "Elit(Kamraterna-Linkoping)"]
[Site "?"]
[Date "2006.??.??"]
[Round "6"]
[White "Bellon Lopez, Juan"]
[Black "Svensson, Bengt"]
[Result "1/2-1/2"]
[WhiteElo "2510"]
[BlackElo "2463"]
[PlyCount "114"]
[EventDate "2006.??.??"]

1. d4 d5 2. Nf3 Nf6 3. c4 dxc4 4. Nc3 a6 5. e4 b5 6. e5 Nd5 7. a4 e6 8. axb5
Bb4 9. Qc2 Nb6 10. Qe4 Qd5 11. Qg4 axb5 12. Rxa8 Qxa8 13. Be2 Kf8 14. O-O Bxc3
15. bxc3 Nc6 16. Bd2 Ne7 17. Rb1 Bd7 18. Bd1 h6 19. Ne1 Qa2 20. Bc2 Nbd5 21.
Qd1 Bc6 22. Qc1 Qa6 23. Ra1 Qb6 24. Be4 b4 25. Bxd5 Nxd5 26. cxb4 Qxd4 27. Nf3
Qe4 28. b5 Bb7 29. Ra7 Bc8 30. Ra8 Nb6 31. Rb8 Kg8 32. Be3 Kh7 33. Bxb6 cxb6
34. Rxb6 Bb7 35. Rd6 Bd5 36. h3 Rb8 37. b6 Rb7 38. Qd1 Qf5 39. Qd4 Qb1+ 40. Kh2
Bxf3 41. gxf3 c3 42. Rc6 c2 43. Qe4+ g6 44. Rxc2 Rxb6 45. Qf4 Rb7 46. Rc4 Qf1
47. Rc2 Rc7 48. Rd2 Rd7 49. Ra2 Ra7 50. h4 Rxa2 51. Qxf7+ Kh8 52. Qf6+ Kh7 53.
Qf7+ Kh8 54. Qe8+ Kh7 55. Qf7+ Kh8 56. Qf8+ Kh7 57. Qe7+ Kh8 1/2-1/2